000 00471nam a2200169Ia 4500
003 GCL
008 140319s9999 xx 000 0 eng d
040 _aGCL /
_cGCL
082 0 4 _a944.082
_bC F
100 1 _aCOOK, MALCOLM (EDIT)
245 1 0 _aFRENCH CULTURE SINCE 1945 /
_cCOOK, MALCOLM (EDIT)
260 _a[S.N] :
_bLONGMAN GROUP UK LIMITED ،
_c1993
300 _a327 P
650 0 4 _aFRANCE - CIVILIZATION
650 0 4 _aFRANCE - CULTURAL POLICY
942 _2ddc
_cBK
999 _c20769
_d20769